Aproximación al asentamiento humano temprano en los oasis de San Pedro de Atacama /

Se presentan los resultados de una prospección sistemática de los oasis de San Pedro así como de su quebrada aledaña, la de Vilama. Esta constituye una aproximación preliminar al asentamiento humano temprano en la localidad, orientada a actualizar y darle contenido a la secuencia cronológica y cultu...

Full description

Bibliographic Details
Main Author: Agüero P., Carolina
Format: Analitica de revista
Language:Spanish
Published: San Pedro de Atacama Universidad Católica del Norte 2005
Subjects:

MARC

LEADER 00000cab a2200000 a 4500
001 031594
003 UAHC_CL
005 20180803130531.0
008 050606b xx j 000 1 spa
952 |0 0  |1 0  |4 0  |6 ESTUD___ATACAMEÑOS30_05_000000000000000  |7 0  |8 General  |9 61671  |a BC  |b BC  |c General  |d 2017-08-03  |l 0  |o ESTUD. ATACAMEÑOS-30/05  |p FICTICIO2453  |r 2019-01-08 00:00:00  |t 1  |w 2017-08-03  |y REVA 
999 |c 31594  |d 31594 
040 |a UAHC_CL  |c UAHC_CL  |d UAHC_CL 
100 1 |a Agüero P., Carolina 
245 1 0 |a Aproximación al asentamiento humano temprano en los oasis de San Pedro de Atacama /  |c Carolina Agüero P. 
260 |b Universidad Católica del Norte  |a San Pedro de Atacama  |c 2005 
300 |a p. 29-60 
500 |a En: Estud. atacam., 2005, no.30, p.29-60. ISSN 0718-1043. 
520 |a Se presentan los resultados de una prospección sistemática de los oasis de San Pedro así como de su quebrada aledaña, la de Vilama. Esta constituye una aproximación preliminar al asentamiento humano temprano en la localidad, orientada a actualizar y darle contenido a la secuencia cronológica y cultural del Formativo local. El objetivo final es aclarar la naturaleza, causas y manifestaciones de dicho proceso dentro de un marco histórico-cultural optimizado. Los resultados obtenidos se discuten en relación a propuestas previas para finalmente sugerir la existencia de un sistema de asentamiento particular al ámbito de oasis. 
521 |a Culturas originarias de Chile 
650 4 |a PROSPECCION 
650 4 |a ASENTAMIENTO 
650 4 |a PERIODO FORMATIVO 
651 4 |a SAN PEDRO DE ATACAMA (CHILE) 
653 |a PEDAGOGIA EN HISTORIA Y CIENCIAS SOCIALES 
658 |a Vidal, Alejandra 
773 0 |t Estudios Atacameños.  |w 031462 
900 |a ESTUD. ATACAMEÑOS-30/05 
942 |c REVA  |2 ddc